000 00371pab a2200157 454500
008 180718b2015 xxu||||| |||| 00| 0 eng d
100 _aSethi, Manisha
245 _aBrushing aside the conspiracy angle
260 _c2015
300 _ap.19-21.
362 _a24 Jan
650 _aPolice
773 _aEconomic and Political Weekly
908 _aN
909 _a106957
999 _c106952
_d106952